In wildness is the preservation of the world, from Henry David Thoreau /

Bibliographic Details
Main Author: Thoreau, Henry David, 1817-1862
Other Authors: Porter, Eliot, 1901-1990
Format: Book
Language:English
Published: San Francisco : Sierra Club, [1962]
Subjects:

MARC

Tag First Indicator Second Indicator Subfields
LEADER 00000cam a22000001 4500
001 in00000094778
005 20150927110540.0
008 730918s1962 caua 00010 eng
010 |a  62020527  
019 |a 1372309  |a 1939570 
035 |a (OCoLC)00567065 
035 |9 AAL6651AM 
040 |a DLC  |c DLC  |d TXA  |d UtOrBLW 
049 |a TXAM  |c [1131765] 
050 0 0 |a TR660  |b .T5 
100 1 |a Thoreau, Henry David,  |d 1817-1862. 
240 1 0 |a Works.  |k Selections.  |f 1962 
245 1 0 |a In wildness is the preservation of the world, from Henry David Thoreau /  |c Selections & photos. by Eliot Porter. Introd. by Joseph Wood Krutch. 
264 1 |a San Francisco :  |b Sierra Club,  |c [1962] 
300 |a 167 pages :  |b color illustrations ;  |c 35 cm. 
336 |a text  |b txt  |2 rdacontent 
337 |a unmediated  |b n  |2 rdamedia 
338 |a volume  |b nc  |2 rdacarrier 
650 0 |a Nature photography. 
700 1 |a Porter, Eliot,  |d 1901-1990. 
999 |a MARS 
999 f f |s 514cdca5-3696-35ca-99da-0b1ccb09d78e  |i 4daff049-39cb-3a3d-bdff-2bed0848dcb6  |t 0 
952 f f |p ric  |a Texas A&M University  |b Rellis Campus  |c Joint Library Facility  |d Remote Storage  |t 0  |e TR660 .T5  |f Oversize  |h Library of Congress classification  |i unmediated -- volume  |m A14807254958 
998 f f |a TR660 .T5  |t 0  |l Remote Storage